000
00344nam a2200145Ia 4500
008
100122s9999 xx 000 0 und d
082
_b
61409
_a
823
100
_a
KUNZRU HARI
245
_a
THE IMPRESSIONIST
260
_b
PENGUIN BOOKS
_c
2002
300
_a
481
630
_a
THE IMPRESSIONIST
730
_a
THE IMPRESSIONIST
942
_c
BOOK
999
_c
378327
_d
378324